| 000 | 00000nam##2200000za#4500 |
| 001 | 9.642114 |
| 003 | CaOODSP |
| 005 | 20210624223539 |
| 007 | cr ||||||||||| |
| 008 | 150407|1999||||xxc|||||o f|0| 0 fre|d |
| 040 | |aCaOODSP|bfre |
| 043 | |an-cn--- |
| 086 | 1 |aRH64-65/1999F-PDF |
| 110 | 1 |aCanada.|bDéveloppement des ressources humaines Canada. |bPolitique stratégique. |
| 245 | 10|aLes ententes sur le développement du marché du travail - évaluation formative des prestations et mesures provinciales en vertu de l'Entente Canada/Nouveau-Brunswick sur le développement du marché du travail / |h[ressource électronique]|c[par] Comité mixte d'évaluation de l'EDMT Canada/Nouveau-Brunswick. |
| 260 | |aOttawa - Ontario : |bDéveloppement des ressources humaines Canada. |cJuillet 1999. |
| 300 | |a262p.|bfigures, tableaux |
| 590 | |a13-16-Supp|b2013-07-12 |
| 691 | 07|aAccord fédéral-provincial|2gcpds |
| 691 | 07|aMarché du travail|2gcpds |
| 775 | 08|tLabour market development agreements - formative evaluation of provincial benefits and measures under the Canada/New Brunswick Labour Market Development Agreement : |w(CaOODSP)9.698121 |
| 856 | 40|ahttp://publications.gc.ca|qPDF|s1.15 Mo|uhttps://publications.gc.ca/collections/collection_2013/rhdcc-hrsdc/RH64-65-1999-fra.pdf |
| 986 | |aSP-AH111-07-99F |